000 00564nam a2200229Ia 4500
003 OSt
005 20220924153328.0
006 a|||||r|||| 00| 0
007 ta
008 220923b |||||||| |||| 00| 0 guj d
024 _a347878
037 _cTextual
040 _aARTS
_cARTS
_bguj
041 _2guj
_aguj
082 _aV1:594, 156K3
100 _aShah Harinbhai
_9228525
245 0 _aLadai any ladvaiya
260 _c1963
650 _aHISTORY
942 _hV1:594, 156K3
_cTEXL
_2CC
999 _c473156
_d473156